Words in Mr Brightside - Statistics

General Stats
  • This quiz has been taken 634 times
  • The average score is 71 of 90
Answer Stats
Word % Correct
I
100%
A
99%
Of
98%
It
97%
Just
97%
My
97%
And
96%
Go
96%
Out
96%
Be
94%
Coming
94%
Doing
94%
Cage
93%
Fine
93%
All
92%
Gotta
92%
Kiss
92%
Now
91%
Up
91%
I'm
90%
He
89%
On
89%
Want
89%
Like
88%
Me
88%
This
88%
End
87%
Because
86%
How
86%
Started
86%
Taking
86%
Calling
85%
Did
85%
I've
85%
Only
85%
Was
85%
Been
84%
She's
84%
The
84%
With
83%
Down
82%
Dress
82%
Her
82%
Off
82%
Brightside
81%
Mr
80%
To
80%
Killing
79%
Cab
78%
Jealousy
78%
Let
78%
Takes
77%
Can't
76%
Sick
76%
Smoke
75%
But
74%
Control
74%
Drag
74%
Falling
74%
Asleep
73%
Destiny
73%
Into
73%
Sea
73%
Turning
73%
Chest
72%
Look
72%
He's
71%
Price
71%
Having
70%
Eyes
69%
Pay
69%
Stomach
69%
Touching
69%
Cause
68%
Eager
68%
Open
68%
His
67%
Your
67%
Lullabies
65%
Head
63%
Bed
62%
Choking
62%
Going
62%
While
61%
Saints
58%
Alibis
53%
Through
47%
They're
46%
Never
37%
Swimming
37%
No matching quizzes found
Score Distribution
Percent of People with Each Score
Percentile by Number Answered
Your Score History
You have not taken this quiz